La cara oculta de J.F. Kennedy (Registro nro. 242678)

Detalles MARC
000 -ENCABEZADO
Número de control [NR] 01157cam a2200325Ia 4500
001 - NÚMERO DE CONTROL
control field ocm40795742
005 - FECHA Y HORA DE LA ÚLTIMA TRANSACCIÓN
control field 20171002145802.0
008 - DE LONGITUD FIJA DE DATOS DE ELEMENTOS - INFORMACIÓN GENERAL
Elementos de longitud fija [NR] 171002s1998 sp af 001 0 spa d
016 7# - NUMERO DE CONTROL DE AGENCIA BIBLIOGRAFICA NACIONAL [R]
Número de control [NR] bimoBNE19982649382
Fuente [NR] SpMaBN
020 ## - NUMERO INTERNACIONAL NORMALIZADO PARA LIBROS [R]
Número Internacional Normalizado del libro [NR] 8408024760
020 ## - NUMERO INTERNACIONAL NORMALIZADO PARA LIBROS [R]
Número Internacional Normalizado del libro [NR] 9788408024767
035 ## - NUMERO DE CONTROL DEL SISTEMA [R]
Número de control del sistema [NR] (OCoLC)40795742
040 ## - FUENTE DE CATALOGACION [NR]
Agencia de catalogación original [NR] Co-BoUCM
Idioma de catalogación [NR] spa
Quien Cataloga Saul Niño (Modificó)
Quien Clasifica Saul Niño (Modificó)
041 1# - CODIGO DE IDIOMA [R]
Código de idioma para texto/pista de sonido o título separado [R] Español
Language code of original and/or intermediate translations of text eng
043 ## - CODIGO DE AREA GEOGRAFICA [NR]
Código de área geográfica [R] n-us---
100 1# - ASIENTO PRINCIPAL--NOMBRE PERSONAL [NR]
Nombre personal [NR] Hersh, Seymour M.
ID Autoridad 60893
245 13 - MENCION DE TITULO [NR]
Título [NR] La cara oculta de J.F. Kennedy
Mención de responsabilidad, etc. [NR] Seymour M. Hersh ; traducción de Luis Murillo y Jaime Zulaika
260 ## - PUBLICACION, DISTRIBUCION, ETC. (PIE DE IMPRENTA) [R]
Lugar de publicación, distribución, etc. [R] Barcelona
Nombre del editor, distribuidor, etc. [R] Planeta
Fecha de publicación, distribución, etc. [R] 1998
300 ## - DESCRIPCION FISICA [R]
Extensión [R] 526 páginas
Otros detalles físicos [NR] ilustraciones
490 0# - MENCION DE SERIE [R]
Mención de serie [R] Documento
600 10 - ASIENTO SECUNDARIO DE MATERIA - NOMBRE PERSONAL [R]
Nombre personal [NR] Kennedy, John F.
Fechas asociadas con el nombre [NR] 1917-1963
9 (RLIN) 87440
650 #7 - ASIENTO SECUNDARIO DE MATERIA - TERMINO TEMATICO [R]
Término temático o nombre geográfico como elemento de entrada [NR] Presidentes
Subdivisión geográfica [R] Estados Unidos
Subdivisión de forma [R] Biografías
9 (RLIN) 22229
650 #7 - ASIENTO SECUNDARIO DE MATERIA - TERMINO TEMATICO [R]
Término temático o nombre geográfico como elemento de entrada [NR] Familia
Subdivisión general [R] Biografías
9 (RLIN) 15547
651 #0 - ASIENTO SECUNDARIO DE MATERIA - NOMBRE GEOGRAFICO [R]
Nombre geográfico [NR] Estados Unidos
Subdivisión general [R] Política y gobierno
Subdivisión cronológica [R] 1961-1963
9 (RLIN) 87448
700 1# - ASIENTO SECUNDARIO - NOMBRE PERSONAL [R]
Nombre personal [NR] Murillo, Luis
Término de relación [R] traductor
9 (RLIN) 87452
700 1# - ASIENTO SECUNDARIO - NOMBRE PERSONAL [R]
Nombre personal [NR] Zulaika, Jaime
Término de relación [R] traductor
9 (RLIN) 87453
765 ## - ASIENTO DE IDIOMA ORIGINAL [R]
Título [NR] The dark side of Camelot
942 ## - ELEMENTOS DE ENTRADA AGREGADOS (KOHA)
Sistema de clasificación DEWEY
Tema principal Historia
Tipo de ítem principal el descrito en 300a Libro
Edición 1
Clasificación 923.173
Parte restante de la signatura top. H572c
Existencias
Total préstamos Signatura topográfica Código de barras Última vez visto Ejemplar Costo de reposición Price effective from Tipo de ítem Perdido Sistema de clasificación Dañado No prestable Tipo de ítem específico Suprimido Ubicación habitual Ubicación actual Localización Fecha de creación Proveedor Forma de adquisición Costo
  923.173 H572c 100141765 09/12/2025 Ej.1 26000.00 09/05/2014 Libro   DEWEY     Libro   Claustro Claustro 2do piso 09/05/2014 12 Donación 0.00